000 00932nam a2200181 a 4500
001 49433
005 20180714034130.0
008 140415d 000 0 eng d
020 _a0134587049
041 _aeng
082 _a339
_bPRI
245 0 0 _aPRINCIPLES OF MACROECONOMICS :
_bTEST ITEM FILE #2 REAL WORLD PROBLEM SETS
250 _a4ed.
260 _a[s.l.] :
_bPRENTICE-HALL, INC.,
_c[s.f.]
300 _a257
_c21.5 x 1.9 x 28
520 _aTHE REAL WORLD PROBLEM SETS IN A NEW AND INNOVATIVE ANCILLARY DEVELOPED FOT THE FOURTH EDITION OF PRINCIPLES OF MACROECONOMICS BY KARL CASE AND RAY FAIR. THE QUESTIONS AND PROBLEMS WERE WRITTEN BY A TEAM OF AUTHORS TO CLOSELY MATCH THE MATERIAL PRESENTED IN THE TEXTBOOK. THE SAME TERMINOLOGY, NOTATION, DEFINITIONS, AND GRAPHS THAT ARE USED IN THE TEXTBOOK ARE USED HERE. COMPLETE SOLUTIONS FOLLOW THE PROBLEMS SETS FOR EACH CHAPTER.
650 1 4 _aMACROECONOMIA
999 _c49433
_d49433